Päťsto najväčších firiem sveta
Štatistický prehľad ďalších 250 najväčších firiem sveta podľa trhovej kapitalizácie za r. 2004. Porovnanie s rokom 2003.
Gespeichert in:
| Format: | Buchkapitel |
|---|---|
| Sprache: | Slowakisch |
| Schlagworte: | |
| Tags: |
Keine Tags, Fügen Sie das erste Tag hinzu!
|
MARC
| LEADER | 00000naa$a2200000$$$4500 | ||
|---|---|---|---|
| 001 | 0022027 | ||
| 005 | 20230926070714.5 | ||
| 041 | 0 | |a slo | |
| 044 | |a SK | ||
| 245 | 1 | 0 | |a Päťsto najväčších firiem sveta |
| 520 | |a Štatistický prehľad ďalších 250 najväčších firiem sveta podľa trhovej kapitalizácie za r. 2004. Porovnanie s rokom 2003. | ||
| 610 | 2 | 0 | |a kapitál |
| 610 | 2 | 0 | |a kapitalizácia |
| 610 | 2 | 0 | |a trh kapitálový |
| 610 | 2 | 0 | |a trh svetový |
| 610 | 2 | 0 | |a firmy |
| 610 | 2 | 0 | |a krajiny vyspelé |